[Event "Grunwald Cup 37 blind"]
[Site "Dadaj"]
[Date "2012.09.17"]
[Round "1"]
[White "Dziobek, Jerzy"]
[Black "Migala, Andrzej"]
[Result "1/2-1/2"]
[WhiteElo "1752"]
[BlackElo "2078"]
[PlyCount "41"]
[EventDate "2012.09.16"]
[EventType "swiss"]
[EventRounds "9"]
[EventCountry "POL"]
[SourceTitle "CBM 150 Extra"]
[Source "ChessBase"]
[SourceDate "2012.10.19"]
[SourceVersion "1"]
[SourceVersionDate "2012.10.19"]
[SourceQuality "1"]

1. d4 d5 2. Nf3 Nf6 3. Nbd2 g6 4. c3 Bg7 5. e3 0-0 6. Bd3 b6 7. 0-0 Bb7 8. Re1 Nbd7 9. e4 c5 10. e5 Ne8 11. Ng5 Nc7 12. h4 cxd4 13. cxd4 h6 14. Ndf3 hxg5 15. Nxg5 Nf6 16. exf6 exf6 17. Nf3 Re8 18. Bd2 Rxe1+ 19. Qxe1 Qe8 20. Qxe8+ Rxe8 21. Re1 1/2-1/2

[Event "Ramsowo Grunwald Cup 25th"]
[Site "Ramsowo"]
[Date "2010.09.25"]
[Round "3"]
[White "Hagner, Pawel"]
[Black "Dziobek, Jerzy"]
[Result "0-1"]
[WhiteElo "1877"]
[BlackElo "1848"]
[PlyCount "80"]
[EventDate "2010.09.24"]
[EventType "swiss"]
[EventRounds "9"]
[EventCountry "POL"]
[SourceTitle "EXT 2011"]
[Source "ChessBase"]
[SourceDate "2010.11.26"]
[SourceVersion "1"]
[SourceVersionDate "2010.11.26"]
[SourceQuality "1"]

1. d4 d5 2. Nf3 Bf5 3. Bf4 c6 4. e3 e6 5. Nbd2 Nf6 6. c3 Nbd7 7. Be2 Be7 8. Nh4 0-0 9. Nxf5 exf5 10. Bd3 g6 11. h3 Ne4 12. 0-0 Bg5 13. Bh2 Re8 14. Nf3 Bf6 15. c4 dxc4 16. Bxc4 Nb6 17. Bd3 Nd5 18. a3 Bg7 19. Qc2 Ndf6 20. Ne5 Rc8 21. Rfd1 Bf8 22. Qb3 Re7 23. Bf4 Kg7 24. Rac1 Nd5 25. Bxe4 fxe4 26. Bg3 f6 27. Nc4 Rf7 28. Qc2 Qe8 29. Bd6 Qe6 30. Bxf8+ Rcxf8 31. Nd2 f5 32. Nc4 f4 33. Ne5 Rf5 34. Qxe4 fxe3 35. fxe3 Rg5 36. Qh4 Qf5 37. Rf1 Rxg2+ 38. Kxg2 Nxe3+ 39. Kg1 Nxf1 40. Rxf1 Qxf1+ 0-1

[Event "Grunwald Cup 23rd blind"]
[Site "Dadaj"]
[Date "2008.09.24"]
[Round "4"]
[White "Fries, Elisabeth"]
[Black "Dziobek, Jerzy"]
[Result "1/2-1/2"]
[WhiteElo "1738"]
[BlackElo "1863"]
[PlyCount "88"]
[EventDate "2008.09.21"]
[EventType "swiss"]
[EventRounds "9"]
[EventCountry "POL"]
[SourceTitle "CBM 126 Extra"]
[Source "ChessBase"]
[SourceDate "2008.11.05"]
[SourceVersion "1"]
[SourceVersionDate "2008.11.05"]
[SourceQuality "1"]

1. d4 d5 2. Nf3 Nf6 3. Bf4 e6 4. Nbd2 Bd6 5. Ne5 Nbd7 6. Ndf3 c6 7. c3 Qc7 8. e3 0-0 9. h3 c5 10. Bd3 c4 11. Bc2 b5 12. g4 Ne4 13. Qc1 Bb7 14. g5 f6 15. gxf6 Rxf6 16. Nxd7 Qxd7 17. Ne5 Bxe5 18. dxe5 Rf7 19. Rg1 Qe7 20. Bxe4 dxe4 21. Qd1 a5 22. Qg4 Bd5 23. Bg5 Qb7 24. a3 Ra7 25. h4 b4 26. Qe2 bxc3 27. bxc3 Qb3 28. Qd2 Rab7 29. Ke2 Qb2 30. Rgd1 Rb3 31. Bd8 a4 32. Ba5 Qxd2+ 33. Rxd2 Rf5 34. Bb4 Rh5 35. Rh1 Rxe5 36. Kd1 Rh5 37. Kc1 h6 38. Rdd1 Rf5 39. Rh2 Kf7 40. Rg1 g6 41. Kc2 g5 42. hxg5 hxg5 43. Rg4 Kf6 44. Rhg2 Bc6 1/2-1/2

[Event "Grunwald Cup 23rd blind"]
[Site "Dadaj"]
[Date "2008.09.21"]
[Round "1"]
[White "Vela Ignacio, Jose Manuel"]
[Black "Dziobek, Jerzy"]
[Result "1-0"]
[WhiteElo "2103"]
[BlackElo "1863"]
[PlyCount "40"]
[EventDate "2008.09.21"]
[EventType "swiss"]
[EventRounds "9"]
[EventCountry "POL"]
[SourceTitle "CBM 126 Extra"]
[Source "ChessBase"]
[SourceDate "2008.11.05"]
[SourceVersion "1"]
[SourceVersionDate "2008.11.05"]
[SourceQuality "1"]

1. e4 c5 2. Nf3 d6 3. c3 Nf6 4. h3 Nxe4 5. Qa4+ Bd7 6. Qxe4 Bc6 7. Qe3 Nd7 8. d4 e6 9. Bd3 Be7 10. Nbd2 Nf6 11. Ne4 Nd5 12. Qe2 Qc7 13. Bd2 a6 14. c4 Nf6 15. Nxf6+ Bxf6 16. d5 Bd7 17. dxe6 Bxe6 18. Bf5 Qe7 19. Bxe6 Qxe6 20. Qxe6+ fxe6 1-0